Nghiên cứu chiết tách, xác định thành phần tinh dầu và dịch chiết của hoa nhài Đà Nẵng
Tổng quan về tinh dầu, vai trò của tinh dầu. Đặc điểm thực vật và sinh thái của cây hoa nhài, thành phần hóa học của tinh dầu hoa nhài. Ứng dụng của hoa nhài trong đời sống và y học. Nghiên cứu chiết tách tinh dầu hoa nhài...
Đã lưu trong:
| Tác giả chính: | |
|---|---|
| Tác giả khác: | |
| Định dạng: | Sách |
| Ngôn ngữ: | Vietnamese |
| Được phát hành: |
Đà Nẵng
ĐH Đà Nẵng
2011
|
| Những chủ đề: | |
| Các nhãn: |
Thêm thẻ
Không có thẻ, Là người đầu tiên thẻ bản ghi này!
|
| Thư viện lưu trữ: | Mạng thư viện Đại học Đà Nẵng |
|---|
| LEADER | 01633nam a2200361 4500 | ||
|---|---|---|---|
| 001 | 000010467 | ||
| 003 | 6672 | ||
| 005 | 20111214081214.0 | ||
| 008 | 111214s2011 viesd | ||
| 041 | |a vie | ||
| 082 | |a 664.502 |b LE-T | ||
| 100 | |a Lê Thị Mai Tâm |e Tác giả | ||
| 245 | |a Nghiên cứu chiết tách, xác định thành phần tinh dầu và dịch chiết của hoa nhài Đà Nẵng |c Lê Thị Mai Tâm | ||
| 260 | |a Đà Nẵng |b ĐH Đà Nẵng |c 2011 | ||
| 300 | |a 78 tr |c 29 cm |e 1 tóm tắt | ||
| 500 | |a Luận văn Thạc sĩ Khoa học. Chuyên ngành: Hóa hữu cơ. Mã số: 60.44.27 | ||
| 520 | |a Tổng quan về tinh dầu, vai trò của tinh dầu. Đặc điểm thực vật và sinh thái của cây hoa nhài, thành phần hóa học của tinh dầu hoa nhài. Ứng dụng của hoa nhài trong đời sống và y học. Nghiên cứu chiết tách tinh dầu hoa nhài... | ||
| 653 | |a Luận văn | ||
| 653 | |a Thạc sĩ Khoa học | ||
| 653 | |a Hóa hữu cơ | ||
| 653 | |a Tinh dầu và dịch chiết | ||
| 653 | |a Hoa nhài | ||
| 700 | |a Đào Hùng Cường |c GS.TS. |e Người hướng dẫn | ||
| OWN | |a LSP | ||
| AVA | |a UDN50 |b LSP |d 664.502 LE-T |e available |t Error 5001 Not defined in file expand_doc_bib_avail. |f 1 |g 0 |h N |i 0 |k 1 | ||
| 999 | |a From the UDN01 | ||
| AVA | |a UDN50 |b LSP |d 664.502 LE-T |e available |t Error 5001 Not defined in file expand_doc_bib_avail. |f 1 |g 0 |h N |i 0 |k 1 | ||
| TYP | |a Monograph | ||
| TYP | |a Printed language | ||
| 980 | |a Mạng thư viện Đại học Đà Nẵng | ||